Water in en om de stad meer energie voor water : Openbare les uitgesproken op woensdag 13 april 2011 /

Bibliographic Details
Main Author: Kluck, Jeroen.
Corporate Author: ProQuest (Firm)
Format: Electronic eBook
Language:Dutch
Published: Amsterdam : HVA Publicaties, 2011.
Subjects:
Online Access:Click to View
LEADER 01253nam a2200337 a 4500
001 EBC770946
003 MiAaPQ
005 20200520144314.0
006 m o d |
007 cr cn|||||||||
008 111105s2011 ne a sb 000 0 dut d
020 |z 9789056296827 
020 |z 9789048514564 (e-book) 
035 |a (MiAaPQ)EBC770946 
035 |a (Au-PeEL)EBL770946 
035 |a (CaPaEBR)ebr10498840 
035 |a (CaONFJC)MIL325932 
035 |a (OCoLC)751962333 
040 |a MiAaPQ  |c MiAaPQ  |d MiAaPQ 
050 4 |a TD345  |b .K58 2011 
100 1 |a Kluck, Jeroen. 
245 1 0 |a Water in en om de stad  |h [electronic resource] :  |b meer energie voor water : Openbare les uitgesproken op woensdag 13 april 2011 /  |c door Jeroen Kluck. 
260 |a Amsterdam :  |b HVA Publicaties,  |c 2011. 
300 |a 42 p. :  |b col. ill. 
504 |a Includes bibliographical references. 
533 |a Electronic reproduction. Ann Arbor, MI : ProQuest, 2015. Available via World Wide Web. Access may be limited to ProQuest affiliated libraries. 
650 0 |a Municipal water supply. 
650 0 |a Water. 
655 4 |a Electronic books. 
710 2 |a ProQuest (Firm) 
856 4 0 |u https://ebookcentral.proquest.com/lib/matrademy/detail.action?docID=770946  |z Click to View